Aplikovaná funkcionálna analýza nelineárne metódy : vysokoškolské skriptá

Bibliographic Details
Main Author: Ďurikovič, Vladimír, 1940-2021 (Author)
Format: Book
Language:Slovak
PhysicalDescription:204 s. 30 cm
Published: Bratislava Veda 1999
ISBN:8022406155
Subjects:

MARC

LEADER 00000nam a2200000 a 4500
001 vtls001375127
003 SK-MaSNL
005 20260301201402.0
008 240318s1999 xo a r y slo
015 |a SNBA1999/12-04560 
020 |a 8022406155 
035 |a SNK000329026 
035 |a urn:nbn:sk:snk-amyhlv 
035 |a urn:nbn:sk:snk-am00ck66 
035 |a 342B1B7D-698D-4675-A5A6-6ED85A41EDE8 
040 |a SNK  |b slo  |c SNK  |e AACR2 
041 0 |a slo 
044 |a xo  |c SK 
080 |a 517.957(075.8)  |2 1981 
100 1 |a Ďurikovič, Vladimír,  |d 1940-2021  |4 aut  |9 215013 
245 1 0 |a Aplikovaná funkcionálna analýza  |b nelineárne metódy : vysokoškolské skriptá  |c Vladimír Ďurkovič 
260 |a Bratislava  |b Veda  |c 1999 
300 |a 204 s.  |c 30 cm 
500 |a 200 výt. 
504 |a Bibliogr. s. 202-204 
650 0 7 |a funkcionálna analýza  |2 SNKPH  |9 68997 
655 7 |a učebnice  |2 SNKPH  |9 22521 
919 |a 80-224-0615-5 
958 |a TL 
958 |a NB 
958 |a UV 
958 |a OND 
999 |c 894580  |d 896510 
952 |t P60, <04>, [BOOK], {604}  |a SNK  |b SNK  |y VYP  |7 0  |p 17A0214643  |o snkSB 60912 D1  |i snkKSP 10408/99  |0 0  |1 0  |4 0  |d 1999-10-20  |l 0  |r 2005-01-02 00:00:00  |w 2026-02-24 
952 |t P60, <03>, [BOOK], {603}  |a SNK  |b SNK  |y PREZ  |7 0  |p 17A0214642  |o snkSB 60912  |i snkKSP 10407/99  |0 0  |1 0  |4 0  |d 1999-10-20  |f 1  |l 0  |r 2025-04-11 00:00:00  |w 2026-02-24